[Event "4NCL Division 3"]
[Site "Daventry Court ENG"]
[Date "2014.05.03"]
[Round "9.65"]
[White "Mackenzie, Colin"]
[Black "Tozer, Philip AA"]
[Result "1/2-1/2"]
[WhiteElo "2078"]
[BlackElo "2151"]
[PlyCount "68"]
[EventDate "2014.05.03"]
[WhiteTeam "Kings Head 2"]
[BlackTeam "Anglian Avengers 2"]

1. c4 Nf6 2. g3 e6 3. Bg2 d5 4. Nf3 dxc4 5. Na3 Bxa3 6. bxa3 O-O 7. Qc2 Nbd7 8.
O-O a6 9. Bb2 c5 10. Ne5 Rb8 11. Qxc4 Qc7 12. Nxd7 Bxd7 13. Qh4 Ne8 14. Rfc1 b6
15. d4 c4 16. d5 b5 17. a4 Qd6 18. axb5 axb5 19. a4 exd5 20. axb5 Rxb5 21. Ba3
Qf6 22. Bxf8 Qxh4 23. gxh4 Kxf8 24. e4 dxe4 25. Rxc4 f5 26. f3 exf3 27. Bxf3
Kf7 28. Ra7 Nf6 29. Rc1 Kg6 30. Rxd7 Nxd7 31. Bc6 Rb4 32. Bxd7 Rxh4 33. Kf2 Kg5
34. h3 Rd4 1/2-1/2

[Event "4NCL Division 3"]
[Site "Daventry Court ENG"]
[Date "2014.05.03"]
[Round "9.66"]
[White "Menzies, Colin W"]
[Black "Davey, Mark"]
[Result "1-0"]
[WhiteElo "2138"]
[BlackElo "1999"]
[PlyCount "101"]
[EventDate "2014.05.03"]
[WhiteTeam "Anglian Avengers 2"]
[BlackTeam "Kings Head 2"]

1. Nf3 c5 2. b3 d5 3. Bb2 Nc6 4. e3 Nf6 5. c4 e6 6. Be2 Be7 7. O-O O-O 8. d4 b6
9. Ne5 Bb7 10. f4 Ne4 11. Bf3 f5 12. cxd5 Nxe5 13. Bxe4 fxe4 14. dxe5 Qxd5 15.
Qg4 Ba6 16. Nc3 Qc6 17. Rfd1 Bd3 18. Rac1 Rf5 19. b4 Qe8 20. Nd5 Rd8 21. Nf6+
Bxf6 22. exf6 g6 23. bxc5 Rxc5 24. Qh4 Rdc8 25. Rxc5 Rxc5 26. f7+ Qxf7 27. Qd8+
Qf8 28. Qxf8+ Kxf8 29. Ba3 Kf7 30. Bxc5 bxc5 31. Rc1 c4 32. Kf2 Ke7 33. Ke1 Kd6
34. Kd2 Kc5 35. Kc3 a5 36. Rd1 Kd5 37. Rd2 e5 38. fxe5 Kxe5 39. Rb2 a4 40. Rb5+
Ke6 41. a3 Bf1 42. g3 Be2 43. Ra5 Bd1 44. Kxc4 h5 45. h4 Bb3+ 46. Kd4 Bc2 47.
Re5+ Kf6 48. Rxe4 Bxe4 49. Kxe4 g5 50. Kd5 gxh4 51. gxh4 1-0

[Event "4NCL Division 3"]
[Site "Daventry Court ENG"]
[Date "2014.05.03"]
[Round "9.68"]
[White "Gregory, Stephen J"]
[Black "Whitehead, David J"]
[Result "1-0"]
[WhiteElo "2054"]
[BlackElo "2013"]
[PlyCount "115"]
[EventDate "2014.05.03"]
[WhiteTeam "Anglian Avengers 2"]
[BlackTeam "Kings Head 2"]

1. e4 c5 2. Nf3 Nc6 3. d3 e6 4. g3 Nf6 5. Bg2 d5 6. Nbd2 Be7 7. O-O O-O 8. Re1
b5 9. e5 Nd7 10. Nf1 a5 11. h4 b4 12. N1h2 a4 13. Ng4 Ba6 14. h5 Rc8 15. Nfh2
Nd4 16. Ne3 Nxe5 17. Nxd5 exd5 18. Rxe5 Bf6 19. Rxd5 Qe7 20. Be3 a3 21. Bxd4
Bxd4 22. bxa3 Bxa1 23. Qxa1 f6 24. h6 g6 25. axb4 cxb4 26. Ra5 Bb7 27. Ra7 Rc7
28. Bxb7 Rxb7 29. Ra6 Qe5 30. Qxe5 fxe5 31. Ng4 Rc7 32. Rb6 Rxc2 33. Rxb4 Rxa2
34. Rb7 Rd2 35. Rg7+ Kh8 36. Re7 Kg8 37. Rxe5 Rxd3 38. Re7 Rdf3 39. Kg2 R3f7
40. Re6 Rf5 41. Re3 Rd8 42. Re7 Rf7 43. Re6 Kf8 44. Re4 Re8 45. Ra4 Re2 46. Kh3
Ke7 47. f4 Ke6 48. Ne5 Rc7 49. Kg4 Re3 50. Ra6+ Ke7 51. Nc6+ Kf8 52. Ne5 Rcc3
53. Kg5 Ke7 54. Ra7+ Ke6 55. g4 Re4 56. Rxh7 Rc5 57. Rg7 Rb5 58. Rxg6+ 1-0

[Event "4NCL Division 3"]
[Site "Daventry Court ENG"]
[Date "2014.05.03"]
[Round "9.69"]
[White "Disu, Kayode"]
[Black "Scott, Gordon W"]
[Result "1/2-1/2"]
[WhiteElo "1896"]
[BlackElo "2070"]
[PlyCount "96"]
[EventDate "2014.05.03"]
[WhiteTeam "Kings Head 2"]
[BlackTeam "Anglian Avengers 2"]

1. e4 c6 2. d4 d5 3. exd5 cxd5 4. Bd3 Nc6 5. c3 Qc7 6. Ne2 e6 7. Bf4 Bd6 8.
Bxd6 Qxd6 9. Qd2 Nge7 10. Qf4 Qxf4 11. Nxf4 f6 12. f3 O-O 13. Nd2 e5 14. Ne2
Re8 15. dxe5 fxe5 16. Ng3 Be6 17. O-O Ng6 18. Bxg6 hxg6 19. Rfe1 Rad8 20. Rad1
a5 21. Nb3 b6 22. Nc1 d4 23. Ne4 a4 24. b3 Bd5 25. c4 Bxe4 26. Rxe4 Nb4 27. Re2
d3 28. Red2 e4 29. fxe4 Rxe4 30. a3 Nc2 31. Rxc2 d2 32. Rcxd2 Rxd2 33. Rxd2
Re1+ 34. Kf2 Rxc1 35. Rb2 axb3 36. Rxb3 Rxc4 37. Kf3 Kf7 38. Ke3 Rc2 39. Kf3 b5
40. h4 Ke6 41. g3 Rc5 42. Kg4 Kf6 43. Rd3 Rc4+ 44. Kh3 Ra4 45. Rd6+ Kf7 46. Rb6
Rxa3 47. Rxb5 Ra4 48. Rg5 Kf6 1/2-1/2

[Event "4NCL Division 3"]
[Site "Daventry Court ENG"]
[Date "2014.05.03"]
[Round "9.75"]
[White "Constantinou, Peter"]
[Black "Therrien, Alex L"]
[Result "1-0"]
[WhiteElo "2295"]
[BlackElo "2243"]
[PlyCount "67"]
[EventDate "2014.05.03"]
[WhiteTeam "MK Phoenix 1"]
[BlackTeam "Sussex Smart Survivors 1"]

1. d4 d5 2. c4 c6 3. Nf3 Nf6 4. e3 Bg4 5. h3 Bxf3 6. Qxf3 e6 7. Nc3 Be7 8. Bd2
O-O 9. g4 Ne8 10. O-O-O Nd7 11. Kb1 a6 12. h4 b5 13. c5 e5 14. g5 Nc7 15. Bh3
f5 16. gxf6 Nxf6 17. Rhg1 b4 18. Qg2 Nce8 19. Ne2 Ne4 20. Be1 Bxh4 21. f3 Bxe1
22. fxe4 Bh4 23. Be6+ Kh8 24. exd5 exd4 25. Rxd4 Bf6 26. Nf4 g5 27. Ng6+ hxg6
28. Rh1+ Kg7 29. Qh2 Bxd4 30. Qh6+ Kf6 31. Qxf8+ Ke5 32. exd4+ Kxd4 33. Rd1+
Ke5 34. Qf2 1-0

[Event "4NCL Division 3"]
[Site "Daventry Court ENG"]
[Date "2014.05.03"]
[Round "9.76"]
[White "Lim, Zhuo Ren"]
[Black "Macdonald-Ross, Michael"]
[Result "1-0"]
[WhiteElo "2191"]
[BlackElo "2136"]
[PlyCount "55"]
[EventDate "2014.05.03"]
[WhiteTeam "Sussex Smart Survivors 1"]
[BlackTeam "MK Phoenix 1"]

1. Nf3 Nf6 2. c4 e6 3. g3 Be7 4. Bg2 O-O 5. d4 d5 6. O-O Nbd7 7. Nc3 c6 8. Qc2
b6 9. e4 Bb7 10. e5 Ne8 11. Be3 Nc7 12. b3 c5 13. Rfd1 f6 14. h4 fxe5 15. dxe5
Qe8 16. Bf4 Qh5 17. Ng5 Bxg5 18. hxg5 Rae8 19. Rd3 Ba6 20. Bf3 Qg6 21. Qd1 Re7
22. Rd2 Bb7 23. cxd5 exd5 24. Nxd5 Nxd5 25. Bxd5+ Bxd5 26. Rxd5 Qf5 27. e6 Qxe6
28. Bd6 1-0

[Event "4NCL Division 3"]
[Site "Daventry Court ENG"]
[Date "2014.05.03"]
[Round "9.77"]
[White "Tippleston, Charles E"]
[Black "Grant, David J"]
[Result "1-0"]
[WhiteElo "2120"]
[BlackElo "2111"]
[PlyCount "76"]
[EventDate "2014.05.03"]
[WhiteTeam "MK Phoenix 1"]
[BlackTeam "Sussex Smart Survivors 1"]

1. e4 c5 2. Nf3 e6 3. c3 Nf6 4. e5 Nd5 5. d4 cxd4 6. cxd4 Nc6 7. Nc3 Nxc3 8.
bxc3 d6 9. Bd3 dxe5 10. dxe5 Qa5 11. O-O Be7 12. Qe2 b6 13. Bd2 Bb7 14. Rfe1
Rd8 15. c4 Qa3 16. Be4 Bb4 17. Bxb4 Qxb4 18. Rab1 Qc3 19. c5 O-O 20. cxb6 axb6
21. Rec1 Qa3 22. Bxc6 Rc8 23. Qe4 Rc7 24. Rc2 Rfc8 25. Rxb6 Ba6 26. Rb3 Qa5 27.
Rbc3 Qb6 28. Qe3 Qb4 29. Qd4 Qxd4 30. Nxd4 Rd8 31. Bf3 Rxc3 32. Rxc3 Rxd4 33.
Ra3 Bb7 34. Rb3 Rc4 35. h3 Ba6 36. Be2 Rc1+ 37. Kh2 Bc8 38. Rb8 Kf8 1-0

[Event "4NCL Division 3"]
[Site "Daventry Court ENG"]
[Date "2014.05.03"]
[Round "9.78"]
[White "Cumming, Rhys"]
[Black "Brown, Alan M"]
[Result "1/2-1/2"]
[WhiteElo "2038"]
[BlackElo "2090"]
[PlyCount "61"]
[EventDate "2014.05.03"]
[WhiteTeam "Sussex Smart Survivors 1"]
[BlackTeam "MK Phoenix 1"]

1. e4 e6 2. d4 d5 3. Nd2 Nf6 4. e5 Nfd7 5. f4 c5 6. c3 Nc6 7. Ndf3 Qb6 8. g3
cxd4 9. cxd4 Bb4+ 10. Kf2 f6 11. Kg2 O-O 12. Nh3 Qd8 13. Bd3 Qe8 14. Be3 f5 15.
a3 Be7 16. b4 Nb6 17. Qe2 Bd7 18. Rhc1 a6 19. Nd2 Rc8 20. Nb3 Na4 21. Nc5 Nxc5
22. bxc5 Na7 23. Nf2 Bb5 24. Bxb5 Nxb5 25. a4 Na7 26. Rcb1 Rc7 27. Nd3 Nc6 28.
Qe1 Qf7 29. Nb4 Rb8 30. Qe2 Qe8 31. Nxc6 1/2-1/2

[Event "4NCL Division 3"]
[Site "Daventry Court ENG"]
[Date "2014.05.03"]
[Round "9.80"]
[White "Payne, Matthew J"]
[Black "Reuben, Stewart"]
[Result "1-0"]
[WhiteElo "1940"]
[BlackElo "2063"]
[PlyCount "61"]
[EventDate "2014.05.03"]
[WhiteTeam "Sussex Smart Survivors 1"]
[BlackTeam "MK Phoenix 1"]

1. e4 c5 2. Nc3 Nc6 3. Bb5 d6 4. Bxc6+ bxc6 5. f4 g6 6. d4 cxd4 7. Qxd4 Nf6 8.
Nf3 Ba6 9. e5 dxe5 10. fxe5 Qxd4 11. Nxd4 Nd5 12. Ne4 Bg7 13. Nc5 Bc8 14. c4
Bxe5 15. Nxc6 Bd6 16. Ne4 Nb6 17. Nxd6+ exd6 18. Na5 Be6 19. b3 O-O-O 20. Bf4
Rhe8 21. O-O-O Bg4 22. Rd2 Re2 23. Rxe2 Bxe2 24. Re1 Bg4 25. Re7 Be6 26. Rxa7
Rd7 27. Ra6 Rb7 28. Nxb7 Kxb7 29. Ra5 d5 30. Be3 Kc6 31. Ra6 1-0

[Event "4NCL Division 3"]
[Site "Daventry Court ENG"]
[Date "2014.05.03"]
[Round "9.85"]
[White "Lund, D Brett"]
[Black "Edgell, Ben P"]
[Result "1/2-1/2"]
[WhiteElo "2266"]
[BlackElo "2105"]
[PlyCount "61"]
[EventDate "2014.05.03"]
[WhiteTeam "Spirit of Atticus A"]
[BlackTeam "West is Best 1"]

1. c4 Nf6 2. g3 c6 3. Nf3 d5 4. b3 g6 5. Bb2 Bg7 6. Bg2 O-O 7. O-O Bg4 8. d3
Nbd7 9. Nbd2 Re8 10. h3 Bxf3 11. Nxf3 e5 12. cxd5 Nxd5 13. Nd2 a5 14. a3 h5 15.
h4 Qe7 16. Rc1 Nc5 17. Qc2 Ne6 18. e3 Nb6 19. Nf3 Qd6 20. Rfd1 Red8 21. Qb1 Nd7
22. Qa2 a4 23. b4 Rac8 24. Qb1 b5 25. d4 exd4 26. Nxd4 Nxd4 27. Bxd4 Bxd4 28.
Rxd4 Qf6 29. Rcd1 Ne5 30. Qe4 Rxd4 31. Qxd4 1/2-1/2

[Event "4NCL Division 3"]
[Site "Daventry Court ENG"]
[Date "2014.05.03"]
[Round "9.86"]
[White "Richardt, Mike"]
[Black "Carleton, John J"]
[Result "1/2-1/2"]
[WhiteElo "1974"]
[BlackElo "2233"]
[PlyCount "43"]
[EventDate "2014.05.03"]
[WhiteTeam "West is Best 1"]
[BlackTeam "Spirit of Atticus A"]

1. d4 Nf6 2. c4 Nc6 3. Nf3 e6 4. Nc3 Bb4 5. Qc2 d6 6. Bd2 O-O 7. a3 Bxc3 8.
Bxc3 Qe7 9. e4 e5 10. d5 Nd4 11. Nxd4 exd4 12. Bxd4 Nxe4 13. O-O-O f5 14. Bd3
Nc5 15. f4 Bd7 16. Bxc5 dxc5 17. Rhe1 Qd6 18. Re5 g6 19. Rde1 Rf7 20. Qe2 c6
21. g3 b6 22. dxc6 1/2-1/2

[Event "4NCL Division 3"]
[Site "Daventry Court ENG"]
[Date "2014.05.03"]
[Round "9.87"]
[White "Ivell, Nicholas W"]
[Black "Taylor, William J"]
[Result "1-0"]
[WhiteElo "2279"]
[BlackElo "2004"]
[PlyCount "93"]
[EventDate "2014.05.03"]
[WhiteTeam "Spirit of Atticus A"]
[BlackTeam "West is Best 1"]

1. e4 e5 2. Bc4 Nf6 3. d3 Bc5 4. Nf3 Nc6 5. O-O d6 6. c3 Be6 7. Bb5 a6 8. Ba4
b5 9. Bc2 d5 10. exd5 Nxd5 11. Re1 Bd6 12. d4 exd4 13. cxd4 h6 14. Ne5 Nxe5 15.
dxe5 Bb4 16. Bd2 Qe7 17. a3 Bc5 18. Qf3 Rd8 19. Nc3 Bd4 20. Qg3 Kf8 21. Rad1
Nxc3 22. Bxc3 c5 23. Rxd4 Rxd4 24. Bxd4 cxd4 25. Qf4 Qc5 26. Bb1 Ke7 27. Rc1
Qd5 28. Rc7+ Kd8 29. Ra7 d3 30. Qd2 Bc8 31. Qa5+ Ke8 32. Qc7 Bd7 33. Bxd3 Qxd3
34. Ra8+ Ke7 35. Qd6+ Qxd6 36. exd6+ Kxd6 37. Rxh8 a5 38. Rh7 g6 39. Rxf7 Bf5
40. Ra7 a4 41. f3 Kc5 42. Rc7+ Kb6 43. Rc3 h5 44. Kf2 b4 45. axb4 Kb5 46. Ke3
Kxb4 47. Kd2 1-0

[Event "4NCL Division 3"]
[Site "Daventry Court ENG"]
[Date "2014.05.03"]
[Round "9.88"]
[White "Littlejohns, David P"]
[Black "Mitchell, Martin"]
[Result "0-1"]
[WhiteElo "2033"]
[BlackElo "2217"]
[PlyCount "110"]
[EventDate "2014.05.03"]
[WhiteTeam "West is Best 1"]
[BlackTeam "Spirit of Atticus A"]

1. e4 d6 2. d4 Nf6 3. Nc3 g6 4. Nf3 Bg7 5. Be2 O-O 6. O-O e6 7. Bg5 h6 8. Be3
Ng4 9. Qd2 f5 10. h3 Nxe3 11. fxe3 Nc6 12. Rad1 Qe7 13. a3 Bd7 14. Rde1 Rae8
15. Kh1 g5 16. exf5 exf5 17. Nd5 Qd8 18. Nh2 Ne7 19. Nxe7+ Rxe7 20. c3 Bc6 21.
Bf3 Be4 22. Bxe4 Rxe4 23. Rf3 g4 24. hxg4 fxg4 25. Rxf8+ Qxf8 26. Nf1 Qe7 27.
Kg1 Re6 28. Ng3 d5 29. Rf1 Qg5 30. Rf5 Qxe3+ 31. Qxe3 Rxe3 32. Kf2 Rd3 33. Nf1
Rd1 34. Rxd5 Rb1 35. Rb5 b6 36. Ne3 Bf8 37. c4 c6 38. Rb3 h5 39. Nc2 Kf7 40.
Ne3 Kg6 41. Ke2 Bd6 42. Nd1 h4 43. Re3 Kf5 44. d5 cxd5 45. cxd5 Rc1 46. Re8 h3
47. Ne3+ Kg6 48. gxh3 gxh3 49. Rg8+ Kf7 50. Rh8 h2 51. Nf1 Rc2+ 52. Kd3 Rxb2
53. Nxh2 Rxh2 54. Rd8 Ke7 55. Ra8 Rh3+ 0-1

[Event "4NCL Division 3"]
[Site "Daventry Court ENG"]
[Date "2014.05.03"]
[Round "9.89"]
[White "Ackley, Peter JE"]
[Black "Dydak, Mateusz"]
[Result "1-0"]
[WhiteElo "2016"]
[BlackElo "1923"]
[PlyCount "93"]
[EventDate "2014.05.03"]
[WhiteTeam "Spirit of Atticus A"]
[BlackTeam "West is Best 1"]

1. b3 d5 2. Bb2 Nf6 3. e3 Bf5 4. f4 Nc6 5. Bb5 a6 6. Bxc6+ bxc6 7. Nf3 e6 8.
Ne5 c5 9. d3 Nd7 10. Nxd7 Qxd7 11. Nd2 f6 12. e4 Bg6 13. Qf3 Be7 14. O-O O-O
15. Rae1 c6 16. Qe3 Bf7 17. f5 exf5 18. exd5 Bd6 19. dxc6 Qc7 20. Qh3 Rae8 21.
Nc4 Bxc4 22. dxc4 Be5 23. Bxe5 Rxe5 24. Rxe5 fxe5 25. Rxf5 Re8 26. Qd3 Qxc6 27.
Qd5+ Qxd5 28. cxd5 g6 29. Rf6 e4 30. Rxa6 Kf7 31. Re6 Ra8 32. a4 Rd8 33. Rxe4
Rxd5 34. a5 c4 35. Rxc4 Rxa5 36. Rc7+ Ke6 37. Rxh7 Rc5 38. c4 Rc6 39. Rh3 Kd6
40. Kf2 Kc5 41. Rf3 Kb4 42. h4 Re6 43. g4 Ra6 44. Kg3 Ra3 45. Kf4 Ra5 46. Re3
Ra6 47. Kg5 1-0

[Event "4NCL Division 3"]
[Site "Daventry Court ENG"]
[Date "2014.05.03"]
[Round "9.95"]
[White "Walker, David J"]
[Black "Mansson, James C"]
[Result "1-0"]
[WhiteElo "2271"]
[BlackElo "2102"]
[PlyCount "111"]
[EventDate "2014.05.03"]
[WhiteTeam "North East England 1"]
[BlackTeam "e2e4.org.uk 3"]

1. c4 Nf6 2. g3 c6 3. Nf3 d5 4. Bg2 dxc4 5. O-O Nbd7 6. Na3 Nb6 7. Qc2 g6 8.
Nxc4 Nxc4 9. Qxc4 Bg7 10. d3 O-O 11. Bd2 Nd5 12. Rab1 a5 13. a3 a4 14. Qc2 e5
15. Ng5 h6 16. Ne4 Re8 17. Nc5 b5 18. e4 Nc7 19. Be3 Ne6 20. b4 Nd4 21. Qd2 Kh7
22. f4 Ra7 23. f5 g5 24. Qf2 Bf6 25. Bf3 Rc7 26. Bh5 Kg7 27. Kh1 Rf8 28. Qa2
Qd6 29. Rf2 Bd7 30. Qd2 Be8 31. Qc3 Rh8 32. Rg1 Kf8 33. Qb2 Ke7 34. Re1 Kd8 35.
Qc1 Re7 36. Rb2 Kc8 37. Qd1 Ra7 38. Qg4 Kb8 39. Kg2 Bd8 40. Qd1 Bb6 41. Qc1
Bxc5 42. bxc5 Qd8 43. Qc3 f6 44. Bd1 Bf7 45. Bxd4 exd4 46. Qb4 Ka8 47. Bf3 h5
48. Kf2 g4 49. Bg2 h4 50. gxh4 Rxh4 51. Kg1 Kb8 52. e5 Bd5 53. Qxd4 Qa5 54. Qf2
Rah7 55. Bxd5 cxd5 56. exf6 1-0

[Event "4NCL Division 3"]
[Site "Daventry Court ENG"]
[Date "2014.05.03"]
[Round "9.96"]
[White "Milson, Samuel A"]
[Black "Dunn, Andrew"]
[Result "1/2-1/2"]
[WhiteElo "2044"]
[BlackElo "2227"]
[PlyCount "69"]
[EventDate "2014.05.03"]
[WhiteTeam "e2e4.org.uk 3"]
[BlackTeam "North East England 1"]

1. e4 c6 2. d4 d5 3. exd5 cxd5 4. c4 Nf6 5. Nc3 g6 6. Nf3 Bg7 7. Be3 O-O 8. Qd2
Nc6 9. Rd1 Bg4 10. Be2 dxc4 11. Ne5 Bxe2 12. Qxe2 Na5 13. Nxc4 Nd5 14. O-O Nxc3
15. bxc3 Rc8 16. Nxa5 Qxa5 17. c4 Qa6 18. Rc1 Rfd8 19. Rfd1 e6 20. Rc2 Rd7 21.
d5 Rcd8 22. Qf3 Qa4 23. Rdd2 exd5 24. cxd5 Qb5 25. g3 h5 26. Rc5 Qb1+ 27. Qd1
Qxd1+ 28. Rxd1 Bf8 29. Rb5 b6 30. a4 Be7 31. a5 Bc5 32. Bxc5 Rxd5 33. Rxd5 Rxd5
34. axb6 axb6 35. Rxb6 1/2-1/2

[Event "4NCL Division 3"]
[Site "Daventry Court ENG"]
[Date "2014.05.03"]
[Round "9.97"]
[White "Dargan, Paul AG"]
[Black "Garnett, John S"]
[Result "0-1"]
[WhiteElo "2163"]
[BlackElo "1998"]
[PlyCount "102"]
[EventDate "2014.05.03"]
[WhiteTeam "North East England 1"]
[BlackTeam "e2e4.org.uk 3"]

1. e4 c6 2. d4 d5 3. Nc3 dxe4 4. Nxe4 Bf5 5. Ng3 Bg6 6. h4 h6 7. Nf3 Nd7 8. h5
Bh7 9. Bd3 Bxd3 10. Qxd3 e6 11. Bf4 Qa5+ 12. Bd2 Qc7 13. O-O-O Ngf6 14. Ne5
Nxe5 15. dxe5 Nd7 16. f4 O-O-O 17. Qe2 Bc5 18. Ne4 Be7 19. g4 Nc5 20. Bc3 Nxe4
21. Qxe4 Qb6 22. f5 Bg5+ 23. Kb1 Rxd1+ 24. Rxd1 Rd8 25. Rxd8+ Qxd8 26. Qd4 Qd5
27. Qxd5 cxd5 28. Bb4 Bf4 29. Bd6 Kd7 30. c3 exf5 31. gxf5 Ke8 32. Bc5 Bxe5 33.
Bxa7 Ke7 34. a4 Kf6 35. a5 Kxf5 36. Kc2 Ke4 37. b4 g5 38. hxg6 fxg6 39. b5 Bc7
40. b6 Be5 41. a6 bxa6 42. b7 h5 43. b8=Q Bxb8 44. Bxb8 h4 45. Kd2 g5 46. Ke2
a5 47. Bd6 g4 48. Be7 h3 49. Kf2 Kd3 50. Kg3 Kxc3 51. Bd6 d4 0-1

[Event "4NCL Division 3"]
[Site "Daventry Court ENG"]
[Date "2014.05.03"]
[Round "9.99"]
[White "Henderson, David"]
[Black "Truman, Richard G"]
[Result "1-0"]
[WhiteElo "2102"]
[BlackElo "1956"]
[PlyCount "39"]
[EventDate "2014.05.03"]
[WhiteTeam "North East England 1"]
[BlackTeam "e2e4.org.uk 3"]

1. e4 c5 2. c3 Nf6 3. e5 Nd5 4. d4 cxd4 5. Nf3 e6 6. cxd4 d6 7. Bc4 Nc6 8. O-O
Be7 9. Qe2 O-O 10. Re1 Bd7 11. Qe4 Ndb4 12. exd6 Bxd6 13. Ng5 g6 14. a3 Na5 15.
Nc3 Nxc4 16. axb4 h6 17. Nh3 Bc6 18. Qg4 Kg7 19. Nf4 Qg5 20. Nxe6+ 1-0

[Event "4NCL Division 3"]
[Site "Daventry Court ENG"]
[Date "2014.05.03"]
[Round "9.100"]
[White "Levens, David G"]
[Black "Prasath, Malola TS"]
[Result "0-1"]
[WhiteElo "1969"]
[BlackElo "2052"]
[PlyCount "88"]
[EventDate "2014.05.03"]
[WhiteTeam "e2e4.org.uk 3"]
[BlackTeam "North East England 1"]

1. e4 Nc6 2. Nf3 d6 3. d4 g6 4. Nc3 Bg7 5. Be2 Bg4 6. Be3 e5 7. d5 Nce7 8. O-O
Nf6 9. Nd2 Bd7 10. Kh1 Qc8 11. f4 Ng4 12. Bg1 exf4 13. Rxf4 h5 14. Nc4 b5 15.
Ne3 b4 16. Nb5 a6 17. Nd4 Bh6 18. Rf3 O-O 19. Qe1 a5 20. Qg3 Bg7 21. Rd1 Ne5
22. Rff1 Kh7 23. Qh4 Ng8 24. Bxh5 gxh5 25. Qxh5+ Nh6 26. Nef5 f6 27. Be3 Neg4
28. Bxh6 Nxh6 29. Rf3 Qe8 30. Qh4 Rf7 31. Rh3 Qf8 32. Rf1 Re8 33. Qf4 Re5 34.
Rff3 Rfe7 35. Nxe7 Bxh3 36. Rxh3 Qxe7 37. Rh4 Rxd5 38. Qf2 Rg5 39. Nf5 Qe5 40.
h3 Qxb2 41. Qd2 Qxa2 42. Qd4 Qxc2 43. g4 Qc3 44. Qd5 Qe1+ 0-1

[Event "4NCL Division 3"]
[Site "Daventry Court ENG"]
[Date "2014.05.03"]
[Round "9.105"]
[White "Hoffman, Hendrik"]
[Black "Fegan, Chris"]
[Result "0-1"]
[WhiteElo "2209"]
[BlackElo "2055"]
[PlyCount "50"]
[EventDate "2014.05.03"]
[WhiteTeam "Celtic Tigers 1"]
[BlackTeam "BCM Rhinos (2)"]

1. e4 d6 2. d4 Nf6 3. Nc3 g6 4. f4 Bg7 5. Nf3 c5 6. dxc5 Qa5 7. Qd4 Nc6 8. Qc4
O-O 9. Qb5 Qc7 10. Be3 Ng4 11. Bg1 Bd7 12. O-O-O Nd4 13. Qd3 dxc5 14. Nd5 Qa5
15. Nxd4 cxd4 16. Bxd4 e5 17. fxe5 Qxa2 18. Nf6+ Nxf6 19. exf6 Bh6+ 20. Be3 Bb5
21. Bxh6 Bxd3 22. Bxd3 Rfd8 23. Rhe1 Qa1+ 24. Kd2 Qxb2 25. Bg5 Rxd3+ 0-1

[Event "4NCL Division 3"]
[Site "Daventry Court ENG"]
[Date "2014.05.03"]
[Round "9.106"]
[White "Foley, John P"]
[Black "Maciol, Ryszard"]
[Result "1/2-1/2"]
[WhiteElo "2017"]
[BlackElo "2200"]
[PlyCount "194"]
[EventDate "2014.05.03"]
[WhiteTeam "BCM Rhinos (2)"]
[BlackTeam "Celtic Tigers 1"]

1. d4 Nf6 2. Nf3 e6 3. e3 c5 4. c3 b6 5. Bd3 Bb7 6. Nbd2 Be7 7. O-O d5 8. Ne5
O-O 9. f4 Nbd7 10. Qf3 Qc7 11. Qh3 Rfd8 12. Ndf3 Ne4 13. Bd2 Nf8 14. Be1 f6 15.
Ng4 cxd4 16. cxd4 Rac8 17. Nf2 Qd7 18. Nd2 Nd6 19. b3 Rc7 20. Nf3 a5 21. g4 Nf7
22. Bd2 Rdc8 23. Rfc1 Rxc1+ 24. Rxc1 Rxc1+ 25. Bxc1 Qc8 26. Qf1 g6 27. Bb2 Bb4
28. Qc1 Nd7 29. Qxc8+ Bxc8 30. Bb5 Nb8 31. Nd3 Be7 32. a4 Kf8 33. Nf2 Ba6 34.
Bd3 Bxd3 35. Nxd3 Nc6 36. Kf1 h6 37. h4 Nd6 38. Ba3 Ne4 39. Bxe7+ Nxe7 40. g5
Nf5 41. Ke2 Kg7 42. Nf2 Nfg3+ 43. Ke1 Nf5 44. Ke2 Ned6 45. gxf6+ Kxf6 46. Ng4+
Kg7 47. Nge5 b5 48. axb5 Nxb5 49. Kd3 Nbd6 50. Nc6 Nb7 51. e4 dxe4+ 52. Kxe4
Kf6 53. Nce5 Nbd6+ 54. Kd3 Ne7 55. Ng4+ Kf5 56. Nxh6+ Kxf4 57. Ng5 Kg3 58. Nxe6
Kxh4 59. Nd8 g5 60. Ndf7 Nxf7 61. Nxf7 g4 62. Ne5 g3 63. Ke4 g2 64. Nf3+ Kg4
65. Ng1 Nf5 66. d5 Nd6+ 67. Ke5 Nb7 68. d6 Kg3 69. d7 Kf2 70. Nh3+ Ke3 71. Kd5
Kd3 72. Nf4+ Kc3 73. Nxg2 Kxb3 74. Kc6 Nd8+ 75. Kc7 Ne6+ 76. Kc8 a4 77. Nf4 a3
78. Nxe6 a2 79. d8=Q a1=Q 80. Nd4+ Kc4 81. Qg8+ Kd3 82. Qg6+ Kc4 83. Qe6+ Kd3
84. Qf5+ Kc4 85. Qe6+ Kd3 86. Qh3+ Kc4 87. Qe6+ Kd3 88. Nc6 Qh8+ 89. Kd7 Qg7+
90. Kd6 Qf8+ 91. Kd5 Qf3+ 92. Kd6 Qf8+ 93. Kc7 Qg7+ 94. Kb6 Qb2+ 95. Kc5 Qc1+
96. Kb4 Qg5 97. Ne5+ Ke4 1/2-1/2

[Event "4NCL Division 3"]
[Site "Daventry Court ENG"]
[Date "2014.05.03"]
[Round "9.107"]
[White "Kemp, Peter D"]
[Black "Amato, Giampiero"]
[Result "1-0"]
[WhiteElo "2162"]
[BlackElo "1982"]
[PlyCount "93"]
[EventDate "2014.05.03"]
[WhiteTeam "Celtic Tigers 1"]
[BlackTeam "BCM Rhinos (2)"]

1. d4 c5 2. d5 Nf6 3. c4 g6 4. Nc3 Bg7 5. g3 d6 6. Bg2 O-O 7. Nf3 e6 8. O-O
exd5 9. cxd5 a6 10. a4 Re8 11. h3 Nbd7 12. Nd2 Rb8 13. Nc4 Nb6 14. Na3 Bd7 15.
a5 Nc8 16. Nc4 Bb5 17. Qb3 Bxc4 18. Qxc4 Nd7 19. e4 Ne5 20. Qe2 c4 21. Bd2 Qc7
22. Rfc1 Nd3 23. Rc2 Na7 24. Be3 Nb5 25. Nxb5 axb5 26. Qxd3 Bxb2 27. Ra2 Bg7
28. Qa3 Qd7 29. Rc1 Rbc8 30. Rb1 c3 31. Rc2 f5 32. Qb3 fxe4 33. Qxb5 Qxb5 34.
Rxb5 Ra8 35. h4 Be5 36. Bh3 Re7 37. Bb6 Rf8 38. Rb4 Rf3 39. Rxe4 Rd3 40. Bf1
Rd2 41. Rxc3 Rf7 42. Rc7 Rdxf2 43. Rxf7 Rxf7 44. Bh3 Rf3 45. Re3 Rf8 46. Rxe5
dxe5 47. d6 1-0

[Event "4NCL Division 3"]
[Site "Daventry Court ENG"]
[Date "2014.05.03"]
[Round "9.108"]
[White "Kane, Robert (Bob) B"]
[Black "Pedersen, Carsten"]
[Result "1/2-1/2"]
[WhiteElo "1865"]
[BlackElo "2140"]
[PlyCount "62"]
[EventDate "2014.05.03"]
[WhiteTeam "BCM Rhinos (2)"]
[BlackTeam "Celtic Tigers 1"]

1. d4 Nf6 2. Nf3 e6 3. e3 Nc6 4. Bd3 d6 5. O-O g6 6. e4 Bg7 7. h3 O-O 8. Nc3 e5
9. Be3 h6 10. dxe5 Nxe5 11. Nxe5 dxe5 12. Bc5 Re8 13. Bb5 c6 14. Qxd8 Rxd8 15.
Be2 Bf8 16. Be3 Be6 17. Rfd1 b6 18. a3 Nh5 19. Bxh5 gxh5 20. f3 Kg7 21. Rxd8
Rxd8 22. Rd1 Be7 23. Rxd8 Bxd8 24. g4 hxg4 25. hxg4 Bc4 26. b3 Ba6 27. Kg2 Kg6
28. Nd1 h5 29. gxh5+ Kxh5 30. Nf2 Bc8 31. Nd3 Bc7 1/2-1/2

[Event "4NCL Division 3"]
[Site "Daventry Court ENG"]
[Date "2014.05.03"]
[Round "9.109"]
[White "Quinn, John M"]
[Black "Lawson, Maurice E"]
[Result "1-0"]
[WhiteElo "2135"]
[BlackElo "1912"]
[PlyCount "129"]
[EventDate "2014.05.03"]
[WhiteTeam "Celtic Tigers 1"]
[BlackTeam "BCM Rhinos (2)"]

1. d4 d5 2. c4 c6 3. Nf3 Nf6 4. Nc3 dxc4 5. a4 Na6 6. e3 Bg4 7. Bxc4 e6 8. O-O
Be7 9. h3 Bh5 10. Be2 Nb4 11. Ne5 Bxe2 12. Qxe2 O-O 13. Rd1 Qa5 14. e4 Qa6 15.
Qf3 Rad8 16. Be3 Nd7 17. Nxd7 Rxd7 18. Rd2 Rfd8 19. Rad1 Qc4 20. Qg3 c5 21. Bh6
Bf8 22. Bg5 Rc8 23. dxc5 Rxd2 24. Rxd2 Bxc5 25. Rd7 Bd4 26. Qd6 Nc6 27. Rxb7
Qc5 28. Qxc5 Bxc5 29. Be3 Bb4 30. Nb5 a5 31. f4 g6 32. Kf2 e5 33. g3 h5 34. Rc7
Rxc7 35. Nxc7 Kf8 36. Nd5 Bd6 37. Nb6 f6 38. Nc4 Bb4 39. fxe5 Nxe5 40. Nxe5
fxe5 41. Ke2 Ke7 42. Kd3 Kd6 43. Kc4 Kc6 44. Bg5 Be1 45. g4 hxg4 46. hxg4 Bb4
47. Bf6 Bd6 48. b3 Bc7 49. Be7 Bb6 50. Bh4 Bc5 51. Be1 Bb6 52. Bd2 Bd8 53. Be3
Be7 54. Ba7 Bd6 55. Bf2 Bb4 56. Bg3 Bd6 57. Be1 Bc7 58. Bc3 Bd8 59. Bxe5 Be7
60. Bc3 Bd8 61. b4 axb4 62. Bxb4 Bf6 63. Bc5 Be5 64. a5 Bf6 65. a6 1-0